Wszystkie bramki Lewandowskiego w LM - Statystyki

Ogólne statystyki
  • Ten quiz został rozwiązany 150 razy
    13 od ostatniego zresetowania
  • Średni wynik to 27 z 41
Statystyki odpowiedzi
Liczba bramek Klub % Poprawnych
4 Arsenal Londyn
100%
2 Borussia Dortmund
100%
1 Manchester City
100%
6 Real Madryt
100%
1 AS Roma
90%
4 Barcelona
90%
1 Bayern Monachium
90%
1 Juventus
90%
1 PSG
90%
5 Ajax Amsterdam
80%
2 Atletico Madryt
80%
3 Dynamo Kijów
80%
2 FC Porto
80%
2 Inter Mediolan
80%
2 Newcastle United
80%
2 Szachtar Donieck
80%
2 Tottenham Hotspur
80%
2 Zenit Petersburg
80%
9 Benfica Lizbona
70%
3 Chelsea FC
70%
7 Crvena Zvezda Belgrad
70%
5 Dinamo Zagrzeb
70%
5 Olympiakos SFP
70%
2 RSC Anderlecht
70%
2 SSC Napoli
70%
3 AEK Ateny
60%
3 Olympique Marsylia
60%
3 PSV Eindhoven
60%
1 Slavia Praga
60%
1 Villareal CF
60%
2 Besiktas JK
50%
2 Lazio Rzym
50%
1 Olympique Lyon
50%
6 RB Salzburg
50%
1 FC Kopenhaga
40%
1 Malaga CF
40%
1 Royal Antwerp FC
30%
3 Viktoria Pilzno
30%
2 Young Boys Berno
20%
2 Brest
10%
1 FK Rostov
10%
Nie znaleziono quizów pasujących do podanych kryteriów
Rozkład punktacji
Procent ludzi z każdym wynikiem
Percentyl według liczby udzielonych odpowiedzi
Twoja historia wyników
Nie rozwiązałeś tego quizu od ostatniego zresetowania